Palestina en el corazón (Record no. 181846)

MARC details
000 -LEADER
campo de control de longitud fija 00927nam a2200229 i 4500
001 - NÚMERO DE CONTROL
campo de control 181846
003 - IDENTIFICADOR DE NÚMERO DE CONTROL
campo de control ES-MaACL
005 - FECHA Y HORA DE LA ÚLTIMA TRANSACCIÓN
campo de control 20231020155752.0
008 - DATOS DE LONGITUD FIJA--INFORMACIÓN GENERAL
campo de control de longitud fija 130430s2009 sp |||| | spa d
080 ## - NÚMERO DE LA CLASIFICACIÓN DECIMAL UNIVERSAL
Número de la Clasificación Decimal Universal 821.134.2-14"19"(082.2)
245 00 - MENCIÓN DEL TÍTULO
Título Palestina en el corazón
Resto del título : recital poético por la paz /
Mención de responsabilidad, etc. promovido y organizado por el profesor y poeta Mahmud Sobh ; con la colaboración de Angeles Fernangómez y José Bárcena.
260 ## - PUBLICACIÓN, DISTRIBUCIÓN, ETC.
Lugar de publicación, distribución, etc. [S.l.] :
Nombre del editor, distribuidor, etc. George Massaad,
Fecha de publicación, distribución, etc. [2009?]
300 ## - DESCRIPCIÓN FÍSICA
Extensión 117 p. :
Otras características físicas il. ;
Dimensiones 23 cm.
500 ## - NOTA GENERAL
Nota general En port.: Café Gijón (Madrid) 19 febrero 2009, Ateneo de Madrid 27 de mayo 2009.
650 #4 - PUNTO DE ACCESO ADICIONAL DE MATERIA--TÉRMINO DE MATERIA
Término de materia o nombre geográfico como elemento de entrada Poesías españolas-
Subdivisión cronológica S.XX.
9 (RLIN) 16221
700 0# - ENTRADA AGREGADA--NOMBRE PERSONAL
Nombre de persona Sobh, Mahmud.
9 (RLIN) 106985
710 2# - ENTRADA AGREGADA--NOMBRE DE ENTIDAD CORPORATIVA
Nombre de entidad corporativa o nombre de jurisdicción como elemento de entrada Ateneo de Madrid.
9 (RLIN) 1875
710 2# - ENTRADA AGREGADA--NOMBRE DE ENTIDAD CORPORATIVA
Nombre de entidad corporativa o nombre de jurisdicción como elemento de entrada Café Gijón (Madrid)
9 (RLIN) 152646
852 ## - LOCALIZACIÓN
Ubicación ES-MaACL
Número de control de estantería A-12673
itemnumber 188754
Sublocalización o colección R.148648
Ubicación en estantería Depósito 1
Signatura antigua Olim: N-5674
942 ## - ELEMENTOS DE ENTRADA SECUNDARIOS (KOHA)
Fuente del sistema de clasificación o colocación Clasificación decimal universal
Tipo de ítem Koha Libro impreso
Holdings
Estatus retirado Estado de pérdida Fuente del sistema de clasificación o colocación Estado de daño No para préstamo Biblioteca de origen Biblioteca actual Ubicación en estantería Fecha de adquisición Fuente de adquisición Total de préstamos Signatura topográfica completa Código de barras Visto por última vez Precio de reemplazo Tipo de ítem Koha
    Clasificación decimal universal     Biblioteca del Ateneo de Madrid Biblioteca del Ateneo de Madrid Depósito 1 30/04/2013 Donación   A-12673 1191104 23/02/2023 23/02/2023 Libro impreso